<?xml version="1.0" encoding="UTF-8"?>
<record
    xmlns:xsi="http://www.w3.org/2001/XMLSchema-instance"
    xsi:schemaLocation="http://www.loc.gov/MARC21/slim http://www.loc.gov/standards/marcxml/schema/MARC21slim.xsd"
    xmlns="http://www.loc.gov/MARC21/slim">

  <leader>00679nam a2200205Ia 4500</leader>
  <controlfield tag="001">17846</controlfield>
  <controlfield tag="003">GE_BSU</controlfield>
  <controlfield tag="008">181216s||||||||xx |||||||||||||| ||und||</controlfield>
  <datafield tag="040" ind1=" " ind2=" ">
    <subfield code="c">GE_BSU</subfield>
  </datafield>
  <datafield tag="080" ind1=" " ind2=" ">
    <subfield code="a">621.372.8(035)</subfield>
  </datafield>
  <datafield tag="100" ind1=" " ind2=" ">
    <subfield code="a">&#x424;&#x435;&#x43B;&#x44C;&#x434;&#x448;&#x442;&#x435;&#x438;&#x43D;,&#x410;.&#x41B;. &#x42F;&#x432;&#x438;&#x447;,&#x41B;.&#x420;. &#x421;&#x43C;&#x438;&#x440;&#x43D;&#x43E;&#x432;,&#x412;.&#x41F;.</subfield>
  </datafield>
  <datafield tag="245" ind1=" " ind2=" ">
    <subfield code="a">&#x421;&#x43F;&#x440;&#x430;&#x432;&#x43E;&#x447;&#x43D;&#x438;&#x43A; &#x43F;&#x43E; &#x44D;&#x43B;&#x435;&#x43C;&#x435;&#x43D;&#x442;&#x430;&#x43C; &#x432;&#x43E;&#x43B;&#x43D;&#x43E;&#x432;&#x43E;&#x434;&#x43D;&#x43E;&#x439; &#x442;&#x435;&#x445;&#x43D;&#x438;&#x43A;&#x438;.</subfield>
  </datafield>
  <datafield tag="245" ind1=" " ind2=" ">
    <subfield code="c">&#x420;&#x435;&#x434;.  &#x420;.&#x418;.&#x41F;&#x435;&#x440;&#x435;&#x446;.</subfield>
  </datafield>
  <datafield tag="260" ind1=" " ind2=" ">
    <subfield code="a">&#x41C;.</subfield>
  </datafield>
  <datafield tag="260" ind1=" " ind2=" ">
    <subfield code="b">&#x413;&#x43E;&#x441;&#x44D;&#x43D;&#x435;&#x440;&#x433;&#x43E;&#x438;&#x437;&#x434;&#x430;&#x442;.</subfield>
  </datafield>
  <datafield tag="260" ind1=" " ind2=" ">
    <subfield code="c">1963.</subfield>
  </datafield>
  <datafield tag="300" ind1=" " ind2=" ">
    <subfield code="a">360 &#x441;&#x442;&#x440;. &#x441; &#x438;&#x43B;&#x43B;. 20 &#x441;&#x43C;.</subfield>
  </datafield>
  <datafield tag="653" ind1=" " ind2=" ">
    <subfield code="a">&#x421;&#x43F;&#x440;&#x430;&#x432;&#x43E;&#x447;&#x43D;&#x438;&#x43A; &#x43F;&#x43E; &#x44D;&#x43B;&#x435;&#x43C;&#x435;&#x43D;&#x442;&#x430;&#x43C; &#x432;&#x43E;&#x43B;&#x43D;&#x43E;&#x432;&#x43E;&#x434;&#x43D;&#x43E;&#x439; &#x442;&#x435;&#x445;&#x43D;&#x438;&#x43A;&#x438;.</subfield>
  </datafield>
  <datafield tag="942" ind1=" " ind2=" ">
    <subfield code="c">BK</subfield>
  </datafield>
  <datafield tag="999" ind1=" " ind2=" ">
    <subfield code="c">50891</subfield>
    <subfield code="d">50891</subfield>
  </datafield>
  <datafield tag="952" ind1=" " ind2=" ">
    <subfield code="0">0</subfield>
    <subfield code="1">0</subfield>
    <subfield code="4">0</subfield>
    <subfield code="7">0</subfield>
    <subfield code="9">69618</subfield>
    <subfield code="d">2018-12-17</subfield>
    <subfield code="p">10367</subfield>
    <subfield code="r">2018-12-17</subfield>
    <subfield code="w">2018-12-17</subfield>
    <subfield code="y">BK</subfield>
  </datafield>
</record>
